Statistiques concernant Le monologue d'Otis (Astérix et Obélix : Mission Cléopâtre)

Cliquez ici pour prendre le quiz!

Statistiques générales

  • Ce quiz a été pris 63 106 fois
  • Le résultat moyen est 124 sur 216

Statistiques - réponses

Mots% Correct
Je
97%
je
97%
a
95%
à
95%
ma
95%
m'a
95%
de
94%
92%
ou
92%
pas
92%
pas,
92%
si
92%
bonne
91%
ne
91%
mauvaise
90%
qui
89%
situation.
89%
y
86%
vous
83%
vous,
83%
la
81%
là,
81%
vie...
80%
vie,
80%
vie
80%
crois
78%
qu'il
78%
ce
76%
savez,
75%
ait
74%
des
73%
moi.
72%
Moi,
72%
moi
72%
que
72%
rencontres
68%
rencontres,
68%
devais
67%
le
64%
un
64%
c'est
63%
eh
62%
mon
62%
dirais
61%
dirais,
61%
résumer
61%
au
59%
et
59%
Et
59%
gens
59%
main,
58%
me
58%
"mais
57%
Mais,
57%
mais
57%
moment
57%
se
55%
tendu
55%
m'ont
51%
avec
50%
aujourd'hui
49%
chante
48%
suis
48%
d'abord
47%
bien
46%
danse
46%
dis
46%
en
45%
bien
44%
don
43%
don,
43%
pouvais
43%
on
42%
pour
42%
une
42%
les
41%
merci
40%
comme
36%
dire
36%
qu'amour !
36%
seul
36%
soi...
36%
chez
35%
j'étais
35%
Alors
34%
chose,
34%
chose
34%
quand
34%
faite,
33%
goût
33%
lui
32%
peut-être
31%
n'est
29%
comment
28%
cas,
27%
leur
26%
faire
25%
aide
24%
beau
24%
destinée...
24%
forgent
24%
j'ai
24%
pu ;
24%
trouve
24%
assez
23%
avoir
23%
miroir
23%
cette
22%
Parce
22%
avancer.
21%
curieux
21%
disais
21%
disent :
21%
face,
21%
réponds
21%
sait,
21%
contraire,
20%
fais-tu
20%
geste,
20%
hasards,
20%
l'interlocuteur
20%
construction
19%
demain,
18%
donc
18%
entreprendre
18%
humanité ?"
18%
mécanique
18%
parfois
18%
simplement,
18%
simplement
18%
communauté,
17%
poussé
17%
service
17%
mettre
16%
très
16%
beaucoup
15%
puisque
15%
l'amour,
14%
finalement,
13%

Distribution des résultats

Percentile par nombre de réponses

% des personnes avec chaque résultat

Votre développement - résultats

Vous n’avez pas pris ce quiz